| 000 | 00430nam a2200169Ia 4500 | ||
|---|---|---|---|
| 008 | 230524s9999 xx 000 0 und d | ||
| 082 |
_a621.382 _bCHA |
||
| 100 |
_aD.Chattopadhya _96286 |
||
| 245 | 0 | _aFundamentals of Electric Circuit Theory | |
| 250 | _a6TH | ||
| 260 |
_aNEW DELHI _bS.Chand _c2004 |
||
| 300 | _aX;459 | ||
| 500 | _aQuantity Number: 4 | ||
| 650 | _aElectrical | ||
| 700 |
_a P.C.Rakshit _96287 |
||
| 942 | _cBK | ||
| 999 |
_c31876 _d31876 |
||